Custom Build Serviced Plots Loan Fund (Record no. 115154)

MARC details
000 -LEADER
fixed length control field 00923cad a22001935a 4500
001 - CONTROL NUMBER
control field L158120
008 - FIXED-LENGTH DATA ELEMENTS--GENERAL INFORMATION
fixed length control field 140709s2014 xxk f 000 0 eng d
035 ## - SYSTEM CONTROL NUMBER
System control number (Sirsi) u158120
041 0# - LANGUAGE CODE
Language code of text/sound track or separate title eng
110 2# - MAIN ENTRY--CORPORATE NAME
Corporate name or jurisdiction name as entry element United Kingdom
Subordinate unit Department for Communities and Local Government
9 (RLIN) 4939
245 00 - TITLE STATEMENT
Title Custom Build Serviced Plots Loan Fund
Remainder of title Prospectus
260 ## - PUBLICATION, DISTRIBUTION, ETC.
Place of publication, distribution, etc. London
Name of publisher, distributor, etc. DCLG $2 014
520 ## - SUMMARY, ETC.
Summary, etc. More support for people who want to build their own home. Details of how to access a loan fund which will help to address the challenges that custom builders face and provide finance for the development of serviced plots of land.
590 ## - LOCAL NOTE (RLIN)
Local note KA
651 #4 - SUBJECT ADDED ENTRY--GEOGRAPHIC NAME
Geographic name England
Chronological subdivision 886-
690 ## - LOCAL SUBJECT ADDED ENTRY--TOPICAL TERM (OCLC, RLIN)
Topical term or geographic name as entry element Planning and development
9 (RLIN) 6259
856 40 - ELECTRONIC LOCATION AND ACCESS
Uniform Resource Identifier <a href="https://www.gov.uk/government/uploads/system/uploads/attachment_data/file/325730/140625_-__Custom_Build_SERVICED_PLOT_Prospectus.pdf">https://www.gov.uk/government/uploads/system/uploads/attachment_data/file/325730/140625_-__Custom_Build_SERVICED_PLOT_Prospectus.pdf</a>
Public note View the item free of charge at www.gov.uk
942 ## - ADDED ENTRY ELEMENTS (KOHA)
Suppress in OPAC 0
Holdings
Withdrawn status Lost status Source of classification or shelving scheme Damaged status Not for loan Home library Current library Shelving location Date acquired Total Checkouts Full call number Barcode Date last seen Copy number Price effective from Koha item type
    Dewey Decimal Classification     Virtual Virtual Online 09/07/2014   ONLINE PUBLICATION 158120-2001 06/08/2019 1 06/08/2019 Book